000 00465nam a22001817a 4500
999 _c66612
_d66609
020 _a9781316606759
020 _a978-1316606759
082 _a410YUL
100 _aYule, George
245 _aThe Study of Language
250 _a3rd ed.
260 _aNew Delhi:
_bCambridge university Press,
_c2012.
300 _a450p. ;
650 _aLanguage and languages
650 _aLinguistics
856 _uhttp://10.10.170.122:8080/browse/book/16387
942 _cBK